| 000 | 00527pam a2200169 a 4500 | ||
|---|---|---|---|
| 020 | _a007707713X : | ||
| 040 | _cDLC | ||
| 082 | 0 | 0 | _a624 MCG 1993 A056 Or. |
| 100 | 1 | _aAtkinson, John, | |
| 245 | 1 | 3 |
_aAn introduction to the mechanics of soils and foundations : _bthrough critical state soil mechanics / |
| 260 |
_aLondon ; _aNew York : _bMcGraw-Hill Book Co., _cc1993. |
||
| 300 |
_axviii, 337 p. : _bill. ; _c25 cm. |
||
| 650 | 0 | _aSoil mechanics. | |
| 650 | 0 | _aFoundations. | |
| 650 | 0 | _aSlopes (Soil mechanics) | |
| 942 | _cEK | ||
| 999 |
_c15613 _d15613 |
||